000 00487nam a22001697a 4500
005 20250529153225.0
008 250414b |||||||| |||| 00| 0 eng d
020 _a9781682850404
040 _cSDCL
041 _2eng
_aeng
084 _aX:8 Q6
245 _aCorporate social responsibility and environmental accountability of business organizations
260 _aNew York :
_bWillford Press,
_c2016.
300 _avi,201p.
700 _aHurley, Brian
_9328858
942 _2CC
_cTEXL
999 _c1308939
_d1308939